000 00480nam a2200157Ia 4500
008 230917s9999||||xx |||||||||||||| ||und||
040 _e81332
_aMAIN
041 _aEnglish
082 _a342.54 P192C
100 _aPandey, J N
245 0 _aConstitutional law of India: incorporating the panchayati raj & nagarpalika constitution 73rd & 74th amendment act 1992
250 _a26th ed.
260 _aAllahabad
_bCentral Law Agency
_c1994
300 _axxxi, 584 p.
942 _cBK
999 _c232705
_d232705